Statistics for Premier League Best Starting XI By Team

Click here to take the quiz!

General Stats

  • This quiz has been taken 1,464 times
    (104 since last reset)
  • The average score is 88 of 176

Answer Stats

TeamPlayer% Correct
Manchester CityKevin De Bruyne
97%
Manchester CityEderson
95%
LiverpoolMohamed Salah
94%
Liverpool | SouthamptonVirgil van Dijk
94%
LiverpoolAlisson
93%
Tottenham HotspurDele Alli
93%
Liverpool | SouthamptonSadio Mané
93%
Manchester CityDavid Silva
91%
ChelseaDidier Drogba
91%
Manchester City | Tottenham HotspurKyle Walker
91%
ChelseaPetr Čech
91%
LiverpoolRoberto Firmino
91%
Manchester CitySergio Agüero
91%
Manchester CityVincent Kompany
91%
LiverpoolAndrew Robertson
90%
ArsenalGilberto Silva
90%
LiverpoolJordan Henderson
90%
Manchester CityLeroy Sané
90%
LiverpoolTrent Alexander-Arnold
90%
Tottenham HotspurHugo Lloris
89%
LiverpoolFabinho
88%
Manchester UnitedAndy Cole
85%
ArsenalAshley Cole
85%
Manchester CityFernandinho
85%
ArsenalThierry Henry
85%
Tottenham HotspurHarry Kane
84%
Leicester CityJamie Vardy
84%
LiverpoolGeorginio Wijnaldum
83%
Manchester CityRaheem Sterling
83%
Manchester UnitedRoy Keane
83%
Manchester CityNicolás Otamendi
82%
Tottenham HotspurChristian Eriksen
81%
ChelseaFrank Lampard
81%
Leicester CityRiyad Mahrez
81%
Manchester UnitedRyan Giggs
81%
LiverpoolJoe Gomez
80%
ChelseaJohn Terry
80%
Aston VillaEmiliano Martínez
78%
Tottenham HotspurJan Vertonghen
78%
Leicester CityKasper Schmeichel
78%
ArsenalPatrick Vieira
78%
ChelseaRicardo Carvalho
78%
Leicester CityN'Golo Kanté
75%
Manchester UnitedPaul Scholes
75%
Blackburn RoversHenning Berg
73%
ArsenalRobert Pirès
73%
Tottenham HotspurToby Alderweireld
73%
Blackburn RoversAlan Shearer
72%
ArsenalDennis Bergkamp
72%
EvertonTim Howard
72%
ArsenalJens Lehmann
70%
Leicester CityDanny Drinkwater
69%
Aston VillaOllie Watkins
69%
Southampton | Tottenham HotspurVictor Wanyama
69%
West Ham UnitedŁukasz Fabiański
68%
EvertonRomelu Lukaku
68%
Wolverhampton WanderersRaúl Jiménez
67%
West Ham UnitedTomáš Souček
67%
Tottenham HotspurMousa Dembélé
66%
Leicester CityWes Morgan
66%
Manchester UnitedJaap Stam
65%
Aston VillaMatty Cash
65%
ArsenalSol Campbell
65%
Aston VillaLeon Bailey
64%
Manchester UnitedPhil Neville
64%
Manchester UnitedDavid Beckham
63%
Manchester UnitedDwight Yorke
63%
ArsenalFreddie Ljungberg
63%
Tottenham HotspurDanny Rose
61%
Aston VillaPau Torres
61%
ChelseaClaude Makélélé
60%
Aston VillaDouglas Luiz
60%
ArsenalKolo Touré
60%
West Ham UnitedMichail Antonio
60%
Aston VillaMoussa Diaby
60%
EvertonSéamus Coleman
60%
Leicester CityChristian Fuchs
59%
Manchester CityFabian Delph
59%
Wolverhampton WanderersRúben Neves
59%
West Ham UnitedJarrod Bowen
58%
West Ham UnitedVladimír Coufal
58%
West Ham UnitedAngelo Ogbonna
57%
West Ham UnitedDeclan Rice
57%
Aston VillaJohn McGinn
57%
Wolverhampton WanderersRui Patrício
57%
Aston VillaEzri Konsa
56%
Leicester CityShinji Okazaki
56%
Aston VillaLucas Digne
55%
Leicester CityRobert Huth
55%
Wolverhampton WanderersJoão Moutinho
53%
Leicester CityMarc Albrighton
51%
West Ham UnitedPablo Fornals
51%
Wolverhampton WanderersDiogo Jota
47%
Leicester CityDanny Simpson
45%
SouthamptonDušan Tadić
45%
SouthamptonGraziano Pellè
45%
Wolverhampton WanderersAdama Traoré
44%
Tottenham HotspurEric Dier
44%
Manchester UnitedDenis Irwin
43%
ChelseaEiður Guðjohnsen
43%
Wolverhampton WanderersMatt Doherty
43%
Aston VillaBoubacar Kamara
42%
SouthamptonJosé Fonte
42%
Newcastle UnitedLes Ferdinand
41%
Nottingham ForestSteve Stone
41%
ArsenalLauren
40%
West Ham UnitedAaron Cresswell
39%
ChelseaDamien Duff
39%
Wolverhampton WanderersLeander Dendoncker
39%
ChelseaPaulo Ferreira
39%
Wolverhampton WanderersConor Coady
36%
EvertonLeighton Baines
36%
EvertonKevin Mirallas
35%
Wolverhampton WanderersRomain Saïss
35%
ChelseaWilliam Gallas
34%
SouthamptonFraser Forster
33%
SouthamptonCédric Soares
30%
EvertonPhil Jagielka
28%
West Ham UnitedCraig Dawson
27%
Leeds UnitedHarry Kewell
27%
Wolverhampton WanderersJonny Castro
27%
Manchester UnitedMark Bosnich
27%
Manchester UnitedMikaël Silvestre
27%
SouthamptonShane Long
26%
ChelseaTiago Mendes
26%
Blackburn RoversChris Sutton
24%
EvertonSylvain Distin
22%
SouthamptonSteven Davis
20%
SouthamptonRyan Bertrand
19%
Leeds UnitedAlan Smith
18%
Newcastle UnitedDavid Ginola
18%
West Ham UnitedJesse Lingard
18%
EvertonGareth Barry
17%
EvertonJames McCarthy
17%
EvertonRoss Barkley
17%
Blackburn RoversTim Sherwood
16%
Newcastle UnitedRob Lee
14%
Blackburn RoversTim Flowers
14%
Newcastle UnitedShaka Hislop
13%
Leeds UnitedLucas Radebe
10%
Newcastle UnitedPeter Beardsley
10%
Nottingham ForestStuart Pearce
10%
Blackburn RoversGraeme Le Saux
9%
Leeds UnitedIan Harte
9%
EvertonLeon Osman
9%
Leeds UnitedNigel Martyn
9%
Blackburn RoversJason Wilcox
8%
Leeds UnitedLee Bowyer
8%
Newcastle UnitedPhilippe Albert
8%
Blackburn RoversColin Hendry
7%
Newcastle UnitedDavid Batty
7%
Leeds UnitedEirik Bakke
7%
Newcastle UnitedKeith Gillespie
7%
Leeds UnitedGary Kelly
6%
Leeds UnitedJonathan Woodgate
6%
Blackburn RoversStuart Ripley
6%
Newcastle UnitedWarren Barton
6%
Nottingham ForestBryan Roy
5%
Nottingham ForestDavid Phillips
5%
Blackburn RoversJeff Kenna
5%
Blackburn RoversMark Atkins
5%
Nottingham ForestStan Collymore
5%
Newcastle UnitedSteve Howey
5%
Nottingham ForestColin Cooper
3%
Nottingham ForestIan Woan
3%
Nottingham ForestLars Bohinen
3%
Nottingham ForestMark Crossley
3%
Leeds UnitedMichael Bridges
3%
Newcastle UnitedDarren Peacock
2%
Nottingham ForestSteve Chettle
2%
Nottingham ForestDes Lyttle
1%
Leeds UnitedStephen McPhail
1%

Score Distribution

Percentile by Number Answered

Percent of People with Each Score

Your Score History

You have not taken this quiz since the last reset